Loading...
Fine Arts - Other Fine Arts | 0 | 10 | 0 | 1 | 100 | 31 | 102.90 | 1 | 2 |
Literature - British Literature | 0 | 10 | 0 | 0 | 100 | 83 | 115.30 | 0 | 4 |
Social Science | 0 | 11 | 3 | 3 | 95 | 72 | 109.73 | 2 | 2 |
History - American History | 0 | 10 | 1 | 1 | 95 | 57 | 101.60 | 4 | 5 |
History - Other History | 0 | 9 | 0 | 2 | 90 | 70 | 105.78 | 0 | 4 |
Philosophy | 0 | 10 | 2 | 0 | 90 | 47 | 91.10 | 1 | 4 |
Literature - World Literature | 0 | 9 | 1 | 2 | 85 | 68 | 119.78 | 0 | 1 |
Mythology | 0 | 8 | 0 | 1 | 80 | 41 | 103.50 | 1 | 2 |
Literature - European Literature | 0 | 8 | 0 | 0 | 80 | 72 | 105.13 | 0 | 3 |
Religion | 0 | 8 | 2 | 2 | 70 | 42 | 105.25 | 2 | 3 |
History - World History | 0 | 7 | 0 | 2 | 70 | 34 | 102.86 | 1 | 2 |
Literature - American Literature | 0 | 7 | 1 | 1 | 65 | 64 | 103.86 | 1 | 2 |
Fine Arts - Classical Music | 0 | 6 | 0 | 2 | 60 | 62 | 117.67 | 0 | 2 |
History - European History | 0 | 6 | 0 | 0 | 60 | 76 | 99.33 | 0 | 1 |
Fine Arts - Painting & Sculpture | 0 | 6 | 3 | 0 | 45 | 88 | 107.50 | 0 | 4 |
Current Events | 0 | 3 | 0 | 0 | 30 | 79 | 101.00 | 0 | 0 |
Geography | 0 | 4 | 2 | 1 | 30 | 55 | 105.75 | 1 | 1 |
Other Academic | 0 | 2 | 0 | 1 | 20 | 40 | 90.00 | 1 | 1 |
Science - Biology | 0 | 2 | 0 | 1 | 20 | 93 | 113.00 | 0 | 1 |
Science - Physics | 0 | 2 | 0 | 0 | 20 | 99 | 102.50 | 0 | 1 |
Science - Other Science | 0 | 0 | 1 | 0 | -5 | 0.00 | 0 | 0 |